The Development and financing of public real property in urban areas in Belgium, Germany, France and Great Britain / (Record no. 8212)

MARC details
000 -LEADER
fixed length control field 00829nam a22002292 4500
001 - CONTROL NUMBER
control field 0000012182
005 - DATE AND TIME OF LATEST TRANSACTION
control field 20151217152108.0
008 - FIXED-LENGTH DATA ELEMENTS--GENERAL INFORMATION
fixed length control field 090213s xx 000 0 eng d
020 ## - INTERNATIONAL STANDARD BOOK NUMBER
International Standard Book Number 9040716927 :
040 ## - CATALOGING SOURCE
Original cataloging agency KABU
Transcribing agency KABU
100 1# - MAIN ENTRY--PERSONAL NAME
Personal name Lambregts, B. W.
-- 0000168423
245 14 - TITLE STATEMENT
Title The Development and financing of public real property in urban areas in Belgium, Germany, France and Great Britain /
Statement of responsibility, etc. B. W. Lambregts, M. Spaans.
250 ## - EDITION STATEMENT
Edition statement 1st ed.
260 ## - PUBLICATION, DISTRIBUTION, ETC. (IMPRINT)
Place of publication, distribution, etc. Delft, Netherlands :
Name of publisher, distributor, etc. Delft University Press,
Date of publication, distribution, etc. 1998.
300 ## - PHYSICAL DESCRIPTION
Extent 126 p.
650 #0 - SUBJECT ADDED ENTRY--TOPICAL TERM
Topical term or geographic name as entry element Land use, Urban
General subdivision Government policy
Geographic subdivision Europe, Western.
-- 0000168424
650 #0 - SUBJECT ADDED ENTRY--TOPICAL TERM
Topical term or geographic name as entry element Real property
Geographic subdivision Europe, Western.
-- 0000168425
700 1# - ADDED ENTRY--PERSONAL NAME
Personal name Spaans, M.
-- 0000168426
852 1# - LOCATION
-- p400 KES
908 ## - PUT COMMAND PARAMETER (RLIN)
Put command parameter 090213
950 ## - LOCAL HOLDINGS (RLIN)
-- 1
Holdings
Withdrawn status Lost status Source of classification or shelving scheme Not for loan Home library Current library Date acquired Total Checkouts Full call number Barcode Date last seen Date last checked out Price effective from Koha item type
    Library of Congress Classification   Kabarak, Main Campus Kabarak, Main Campus 17/12/2015 1 HD586 .L36 1998 c. 1 16597 02/08/2024 15/07/2016 17/12/2015 General Collection
Designed with assistance from East African Informatics Ltd